Dork diaries (Record no. 9174)

MARC details
000 -LEADER
fixed length control field 00787nam a22002057a 4500
003 - CONTROL NUMBER IDENTIFIER
control field OSt
005 - DATE AND TIME OF LATEST TRANSACTION
control field 20260317002409.0
008 - FIXED-LENGTH DATA ELEMENTS--GENERAL INFORMATION
fixed length control field 260317b |||||||| |||| 00| 0 eng d
020 ## - INTERNATIONAL STANDARD BOOK NUMBER
International Standard Book Number 978-1-84738-741-7
040 ## - CATALOGING SOURCE
Original cataloging agency DWCL GS lib
Transcribing agency OC
100 ## - MAIN ENTRY--PERSONAL NAME
Personal name RUSSELL, RACHEL RENEE
245 ## - TITLE STATEMENT
Title Dork diaries
Statement of responsibility, etc. RUSSELL, RACHEL RENEE
260 ## - PUBLICATION, DISTRIBUTION, ETC.
Place of publication, distribution, etc. Great Britain:
Name of publisher, distributor, etc. Simon and Schuster
Date of publication, distribution, etc. 2010
300 ## - PHYSICAL DESCRIPTION
Extent vii, 282 pages
Dimensions 20cm.
520 ## - SUMMARY, ETC.
Summary, etc. Dork Diaries is a popular children's book series written in diary format by Rachel Renée Russell, following 14-year-old Nikki Maxwell as she navigates the horrors of middle school, popularity, crushes, and drama.
546 ## - LANGUAGE NOTE
Language note English
650 ## - SUBJECT ADDED ENTRY--TOPICAL TERM
Source of heading or term children's realistic fiction
650 ## - SUBJECT ADDED ENTRY--TOPICAL TERM
Source of heading or term Embrace Your Inner Dork
942 ## - ADDED ENTRY ELEMENTS (KOHA)
Source of classification or shelving scheme Dewey Decimal Classification
Koha item type Fiction
Classification part Fic.
Suppress in OPAC No

No items available.